Elecciones y política económica en América Latina (Registro nro. 4282)
[ vista simple ]
| 000 -LEADER | |
|---|---|
| fixed length control field | 01901 a2200349 4500 |
| 001 - CONTROL NUMBER | |
| control field | 47085 |
| 005 - DATE AND TIME OF LATEST TRANSACTION | |
| control field | 20260407155739.0 |
| 008 - FIXED-LENGTH DATA ELEMENTS--GENERAL INFORMATION | |
| fixed length control field | 260407a1991 arg spa d |
| 003 - CONTROL NUMBER IDENTIFIER | |
| control field | AR-UNSa-BCEJYS |
| 040 ## - CATALOGING SOURCE | |
| Original cataloging agency | AR-UNSa-BCEJYS |
| Language of cataloging | spa |
| Transcribing agency | AR-UNSa-BCEJYS |
| 080 ## - UNIVERSAL DECIMAL CLASSIFICATION NUMBER | |
| Universal Decimal Classification number | 32 |
| Common auxiliary subdivision | Política |
| 020 ## - INTERNATIONAL STANDARD BOOK NUMBER | |
| International Standard Book Number | 950-718-027-3 |
| 100 1# - MAIN ENTRY--PERSONAL NAME | |
| Personal name | Rozenwurcel, Guillermo |
| 245 10 - TITLE STATEMENT | |
| Title | Elecciones y política económica en América Latina |
| 264 #1 - PRODUCTION, PUBLICATION, DISTRIBUTION, MANUFACTURE, AND COPYRIGHT NOTICE | |
| Place of production, publication, distribution, manufacture | Buenos Aires : |
| Name of producer, publisher, distributor, manufacturer | Tesis |
| Date of production, publication, distribution, manufacture, or copyright notice | 1991 |
| 300 ## - PHYSICAL DESCRIPTION | |
| Extent | 431 p. |
| Dimensions | 20 cm. |
| 505 ## - FORMATTED CONTENTS NOTE | |
| Formatted contents note | 1. INTRODUCCIÓN : Consolidación de la democracia y políticas económicas en América Latina / Guillermo - 2. ARGENTINA : Hiperinflación y estabilización : la experiencia reciente / Mario Damill - Roberto Frenkel - 3. BOLIVIA : De la estabilización impuesta al crecimiento negociado / Gonzalo Chávez Álvarez - 4. BRASIL : Los primeros tres meses del Plan Collor / Dionisio D. Carneiro - 5. COLOMBIA : Apertura y recuperación del crecimiento económico / Eduardo Lora - Catalina Crane - 6. CHILE : Fundamentos originales de las políticas macroeconómicas del gobierno democrático chileno (1990-93) / Joaquín Vial - Andrea Butelman. Carmen Celedón - 7. MÉXICO : El " Pacto de Solidaridad Económica ": heterodoxia puesta en marcha en México / Nora Lusting - 8. PERÚ : Ajuste e inflación en el Plan Fujimori / Javier Iguíñiz Echeverría. |
| 590 ## - LOCAL NOTE (RLIN) | |
| Local note | niveau_biblio:m niveau_hierar:0 |
| 700 1# - ADDED ENTRY--PERSONAL NAME | |
| Personal name | Butelman, Andrea |
| 700 1# - ADDED ENTRY--PERSONAL NAME | |
| Personal name | Celedón, Carmen |
| 700 1# - ADDED ENTRY--PERSONAL NAME | |
| Personal name | Crane, Catalina |
| 700 1# - ADDED ENTRY--PERSONAL NAME | |
| Personal name | Chávez Alvarez, Gonzalo |
| 700 1# - ADDED ENTRY--PERSONAL NAME | |
| Personal name | Damill, Mario |
| 700 1# - ADDED ENTRY--PERSONAL NAME | |
| Personal name | Dias Carneiro, Dionisio |
| 700 1# - ADDED ENTRY--PERSONAL NAME | |
| Personal name | Frenkel, Roberto |
| 700 1# - ADDED ENTRY--PERSONAL NAME | |
| Personal name | Iguiñiz Echeverría, Javier |
| 700 1# - ADDED ENTRY--PERSONAL NAME | |
| Personal name | Lora, Eduardo |
| 700 1# - ADDED ENTRY--PERSONAL NAME | |
| Personal name | Lustig, Nora |
| 700 1# - ADDED ENTRY--PERSONAL NAME | |
| Personal name | Vial, Joaquín |
| 856 41 - ELECTRONIC LOCATION AND ACCESS | |
| Uniform Resource Identifier | <a href="https://www.biblioeco.unsa.edu.ar/pmb/images/libros/L127386.jpg">https://www.biblioeco.unsa.edu.ar/pmb/images/libros/L127386.jpg</a> |
| Link text | Imagen de portada |
| Electronic format type | image/jpeg |
| 942 ## - ADDED ENTRY ELEMENTS (KOHA) | |
| Koha item type | |
| Withdrawn status | Lost status | Damaged status | Not for loan | Home library | Current library | Shelving location | Date acquired | Total checkouts | Full call number | Barcode | Date last seen | Price effective from | Koha item type |
|---|---|---|---|---|---|---|---|---|---|---|---|---|---|
| Biblioteca Prof. Eusebio Cleto del Rey | Biblioteca Prof. Eusebio Cleto del Rey | 07/04/2026 | 32 R893 | L127386 | 07/04/2026 | 07/04/2026 | Libro |